书目信息 |
| 题名: |
艺术哲学
|
|
| 作者: | 泰纳 著 ;傅雷, 译 | |
| 分册: | ||
| 出版信息: | 沈阳 万卷出版公司 2018 |
|
| 页数: | 403页 | |
| 开本: | 24cm | |
| 丛书名: | 傅雷作品集 | |
| 单 册: | ||
| 中图分类: | J0-02 | |
| 科图分类: | ||
| 主题词: | 艺术哲学--yi shu zhe xue | |
| 电子资源: | ||
| ISBN: | 978-7-5470-4841-2 | |
| 000 | 01256nam 2200289 450 | |
| 001 | 438805 | |
| 005 | 20140102131037.0 | |
| 010 | @a978-7-5470-4841-2@dCNY59.00 | |
| 099 | @aCAL 012018186521 | |
| 100 | @a20181016d2018 em y0chiy50 ea | |
| 101 | 1 | @achi@cfre |
| 102 | @aCN@b210000 | |
| 105 | @ay z 000yy | |
| 106 | @ar | |
| 200 | 1 | @a艺术哲学@Ayi shu zhe xue@f(法) 罗纳著@g傅雷译 |
| 210 | @a沈阳@c万卷出版公司@d2018 | |
| 215 | @a403页@d24cm | |
| 225 | 2 | @a傅雷作品集@Afu lei zuo pin ji |
| 314 | @a责任者Taine规范汉译姓: 泰纳 | |
| 330 | @a本书收录傅译的《艺术哲学》,《艺术哲学》是法国历史学家、文学家、哲学家丹纳的名著。本书最初是丹纳在巴黎美术学习讲述美术史的讲义,包括文艺复兴时期的意大利绘画。尼德兰绘画和希腊雕塑。对于我们欣赏欧洲文艺复兴时期的艺术和欧洲哲学起源之一希腊雕塑非常具有指导性。阅读之后,读者一定会被丹纳广博的学识、独特的思路、缜密的分析、精辟的见解所折服。而且,会发现,原来艺术的本源是这样的,阻碍我们欣赏艺术作品的重重迷雾在渐渐散开。 | |
| 410 | 0 | @12001 @a傅雷作品集 |
| 606 | 0 | @a艺术哲学@Ayi shu zhe xue |
| 690 | @aJ0-02@v5 | |
| 701 | 1 | @a泰纳@Atai na@g(Taine, Hippolyte Adolphe),@f1828-1893@4著 |
| 702 | 0 | @a傅雷,@Afu lei@f1908-1966@4译 |
| 801 | 0 | @aCN@b上海新华@c20191020 |
| 905 | @b1186506-9@dJ0-02@e490@f4 | |
| 艺术哲学/(法) 罗纳著/傅雷译.-沈阳:万卷出版公司,2018 |
| 403页;24cm.-(傅雷作品集) |
| ISBN 978-7-5470-4841-2:CNY59.00 |
| 本书收录傅译的《艺术哲学》,《艺术哲学》是法国历史学家、文学家、哲学家丹纳的名著。本书最初是丹纳在巴黎美术学习讲述美术史的讲义,包括文艺复兴时期的意大利绘画。尼德兰绘画和希腊雕塑。对于我们欣赏欧洲文艺复兴时期的艺术和欧洲哲学起源之一希腊雕塑非常具有指导性。阅读之后,读者一定会被丹纳广博的学识、独特的思路、缜密的分析、精辟的见解所折服。而且,会发现,原来艺术的本源是这样的,阻碍我们欣赏艺术作品的重重迷雾在渐渐散开。 |
| ● |
| 相关链接 |
|
|
|
|
正题名:艺术哲学
索取号:J0-02/490
 
预约/预借
| 序号 | 登录号 | 条形码 | 馆藏地/架位号 | 状态 | 备注 |
| 1 | 1186506 | 211865061 | 第一样本阅览室/ [索取号:J0-02/490] | 在馆 | |
| 2 | 1186507 | 211865070 | 第一借阅区/ [索取号:J0-02/490] | 在馆 | |
| 3 | 1186508 | 211865089 | 第一借阅区/ [索取号:J0-02/490] | 在馆 | |
| 4 | 1186509 | 211865098 | 第一借阅区/ [索取号:J0-02/490] | 在馆 |